00162nam a2200073 4500100002800000245002700028260002600055300000700081 aVishmila Subhani,H.A.P. aZeolites for Catalysis aColombobICHEMCc2016 a31